000 01183nam0a22002891 4500
001 v19\rc\1746887
005 20061204153020.8
035 _a(NLR Aleph) 004894521
090 _a5307121
_c5307121
100 _a20061204e19021902|||y0rusy50 ca
101 0 _arus
102 _aRU
105 _ay z |||||
200 1 _aНесколько слов памяти И.М. Балинского
_fМ.Н. Нижегородцев
210 _aМосква
_cтипо-лит. т-ва И.Н. Кушнерев и К°
_d1902
215 _a8 с.
_d23
311 _aИз "Журн. невропатологии и психиатрии им. С.С. Корсакова". Год 2, кн. 3
488 0 _12001#$aЖурнал невропатологии и психиатрии им. С.С. Корсакова$vГод 2, кн. 3
_1702#1$aКорсаков$bС.С.$4570
700 1 _aНижегородцев
_bМ. Н.
_f1851-1919
_gМихаил Николаевич
702 1 _aБалинский
_bИ. М.
_4570
801 0 _aRU
_bNLR
_gpsbo
801 0 _aRU
_bRuMoRGB
_2psbo
801 1 _aRU
_bProSoft-M
_2rusmarc
852 _aNLR
_j66-7/1240
899 _aRuMoRGB
_jT 35/446
942 _cBOOK
980 _aNB